<?xml version="1.0" encoding="UTF-8"?>
<marc:record xmlns:marc="http://www.loc.gov/MARC21/slim">
   <marc:leader>00000nam a2200000 a 4500</marc:leader>
   <marc:datafield ind1="1" ind2=" " tag="100">
      <marc:subfield code="a">Krumpöck, Ilse</marc:subfield>
      <marc:subfield code="4">aut</marc:subfield>
      <marc:subfield code="e">Verfasser/-in</marc:subfield>
   </marc:datafield>
   <marc:datafield ind1=" " ind2=" " tag="653">
      <marc:subfield code="a">wahre Begebenheit</marc:subfield>
   </marc:datafield>
   <marc:datafield ind1=" " ind2=" " tag="653">
      <marc:subfield code="a">Biographischer Roman</marc:subfield>
   </marc:datafield>
   <marc:datafield ind1=" " ind2=" " tag="653">
      <marc:subfield code="a">Gesetzesänderung / Österreich</marc:subfield>
   </marc:datafield>
   <marc:datafield ind1=" " ind2=" " tag="653">
      <marc:subfield code="a">Waldviertel / Ottenschlag</marc:subfield>
   </marc:datafield>
   <marc:datafield ind1=" " ind2=" " tag="653">
      <marc:subfield code="a">1950er-Jahre</marc:subfield>
   </marc:datafield>
   <marc:datafield ind1=" " ind2=" " tag="653">
      <marc:subfield code="a">Ottenschlag / Waldviertel</marc:subfield>
   </marc:datafield>
   <marc:datafield ind1=" " ind2=" " tag="653">
      <marc:subfield code="a">Häusliche Gewalt</marc:subfield>
   </marc:datafield>
   <marc:datafield ind1="0" ind2="0" tag="245">
      <marc:subfield code="a">Erntedank</marc:subfield>
   </marc:datafield>
   <marc:datafield ind1="0" ind2="0" tag="245">
      <marc:subfield code="c">Ilse Krumpöck</marc:subfield>
   </marc:datafield>
   <marc:datafield ind1=" " ind2="1" tag="264">
      <marc:subfield code="a">Munderfing</marc:subfield>
      <marc:subfield code="b">Innsalz</marc:subfield>
      <marc:subfield code="c">2025</marc:subfield>
   </marc:datafield>
   <marc:datafield ind1="1" ind2=" " tag="520">
      <marc:subfield code="a">Julius Hollenstein (Name geändert) ist begeisterter Turner und war primär in der NS-Zeit als solcher aktiv. Damals schloss er sich den militanten "Turnerbündlern" an, die mit dem braunen Regime liebäugelten. Als er danach der SA beitritt, nimmt sein mieser Charakter Gestalt an. Er zieht von St. Pölten nach Ottenschlag, wo er [...] eine Familie gründet und vier Kinder zeugt. Seine Arbeit als Fachlehrer an der Hauptschule für Deutsch, Geschichte und Handfertigkeiten ist ebenso wie seine Rolle als Familienvater geprägt von seinem nationalsozialistischen Gedankengut. Als seine Frau aufmüpfig wird und opponiert, zeigt sich sein wahres Naturell. Nach einer Schulschlussfeier am 1. Juli 1950 ermordet er leicht alkoholisiert seine Gattin, worauf er viel zu milde bestraft wird. [...] Dieses Buch beruht auf einer wahren Begebenheit, die in Österreich Anfang der 50er Jahre des 20. Jahrhunderts zu einer Gesetzesänderung geführt hat. (Verlagsinformation)</marc:subfield>
   </marc:datafield>
   <marc:datafield ind1=" " ind2=" " tag="020">
      <marc:subfield code="a">9783903496422</marc:subfield>
      <marc:subfield code="9">9783903496422</marc:subfield>
   </marc:datafield>
   <marc:datafield ind1=" " ind2=" " tag="041">
      <marc:subfield code="a">ger</marc:subfield>
   </marc:datafield>
   <marc:datafield ind1=" " ind2=" " tag="300">
      <marc:subfield code="a">267 Seiten</marc:subfield>
   </marc:datafield>
</marc:record>
